MDQL
is popping MORE tags! Check the
thread
!
Quizzes
Events
Quiz Creation
Community
Videos
Private Events
Remove Ads
Sign In
Join for FREE
Feedback
Dark Mode
Quiz Categories
Sports
Geography
Music
Movies
Television
Just For Fun
Miscellaneous
History
Literature
Language
Science
Gaming
Entertainment
Religion
Holiday
For Kids
Quiz Lab
Recent
Popular Today
Quiz Kudos Today
Editor Picks
Curator Picks
Quizzes by...
Day
Popularity
Type
Ratings
Length
Year
Community
Subscriptions
Recent Discussions
Orange Saloon
Badges
Playlists
Quests
Create
Leaderboards
Showdown
Live 5
Trivia Bingo
Activity
Puzzle Library
Sporcle Events
Private Events
Virtual Trivia
Globe League
Become a Host
Pub Owners
SporcleCon
Opinionation
Our Games
Videos
Blog
Mobile Apps
Partnerships
Remove Ads and Go Orange
Feedback
Sports
Athletes
MLB
NBA
NHL
NFL
Soccer
Sports Teams
WWE
NCAA
Football
Premier League
Basketball
Baseball
Hockey
Golf
Tennis
Cricket
Rugby
Auto Racing
Olympics
World Cup
Sports
Athletes
MLB
NBA
NHL
NFL
Soccer
Sports Teams
WWE
NCAA
Football
Premier League
Basketball
Baseball
Hockey
Golf
Tennis
Cricket
Rugby
Auto Racing
Olympics
World Cup
Random Quiz
Search Sporcle
×
Quiz Lab
Quiz Lab
Sports
rumble
Type in answers that appear in a list
Type in answers that appear in a list
Classic
Best Score? Go Orange.
2014 Royal Rumble Stats
Can you name the 2014 Royal Rumble Participants?
By
cardenharry92
10m
30 Questions
83 Plays
83 Plays
83 Plays
Comments
Comments
Give Quiz Kudos
Give Quiz Kudos
-
- Ratings
hide this ad
Replay
Link that replays current quiz
Next Quiz
Link to next quiz in quiz playlist
You Got
0%
They Got
Avg Score
80%
Avg Friend Score
Upgrade to see
Score Distribution
Jump to the score distribution portion of the page
Score
0/30
Timer
10:00
0
Plays Today
#
Wrestler
% Correct
2
Seth Rollins
97.6%
15
Roman Reigns
97.6%
11
Dean Ambrose
95.2%
28
Batista
94%
1
CM Punk
92.8%
5
Kane
92.8%
8
Kofi Kingston
92.8%
18
The Miz
89.2%
30
Rey Mysterio
89.2%
12
Dolph Ziggler
88%
29
Big E Langston
88%
21
Antonio Cesaro
85.5%
4
Cody Rhodes
84.3%
17
Sheamus
84.3%
10
Goldust
83.1%
#
Wrestler
% Correct
22
Luke Harper
83.1%
25
Erick Rowan
83.1%
6
Alexander Rusev
81.9%
3
Damien Sandow
80.7%
27
Alberto Del Rio
77.1%
7
Jack Swagger
73.5%
26
Ryback
73.5%
9
Jimmy Uso
72.3%
23
Jey Uso
72.3%
13
R-Truth
66.3%
16
The Great Khali
66.3%
14
Kevin Nash
62.7%
20
El Torito
59%
19
Fandango
57.8%
24
JBL
54.2%
Quiz Playlist
Details
Report
Send in Message
Add To Playlist
Classic:
Type in answers that appear in a list
Last Updated: Aug 30, 2017
Quiz Scoreboard
CHALLENGE
Sign Up to Join the Scoreboard
Show All
Scores
Hide
Comments
May contain spoilers
Recently Published
Two Season TV Shows II
by 123Four
Television
10m
Image Sorting: Flags VI
by Barbecue
Geography
2m
Find the 'City' Movie
by crazypaving
Movies
60s
More to Explore
Quiz From the Vault
Featured Blog Post
14 Easter Pick-up Lines to Find Eggs With
hide this ad
You Might Also Like...
Tags
2014
participant
Royal
rumble
Rumble Participants
Today's Top Quizzes in Sports
Browse Sports
hide this ad
Today's Top Quizzes in rumble
Browse rumble
Top Contributed Quizzes in Sports
1
Les meilleurs buteurs des matchs entre le PSG et l’OM
2
Les entraîneurs de l'OM et du PSG au 21e siècle
3
2022 World Cup Stars
4
Les joueurs passés par le PSG et l'OM
5
Players with Multiple 50 Home Run Seasons
6
FIFA Club World Cup Champions
7
Criteria MLB: Left Handed Sluggers
8
Les joueurs passés par le LOSC et le RC Lens
9
Top 10 NHL Goal Scorers of All Time
10
NBA Logic Puzzle 2.0
Explore More
Trending Topics
NBA
Kpop
Marvel
Crossword
Disney
Anime
Harry Potter
WWE
NFL
Soccer
Country
Song
The Office
Pokémon
Puzzle
hide this ad
More By:
cardenharry92
Quiz
Plays
Rating
Category
Featured
Created
AJ Styles WWE PPV Opponents
7,972
4.13
Sports
Sep 4, 2016
WWE Roster 2018
4,478
3.40
Sports
Dec 10, 2016
WWE Royal Rumble 2017 Participants
2,433
2.88
Sports
Jan 30, 2017
WWE Draft 2018 (Superstar Shakeup)
1,616
4.00
Sports
Apr 18, 2018
WWE Draft 2017 (Superstar Shakeup)
1,603
3.50
Sports
Apr 12, 2017
Go to Creator's Profile
Score Distribution
Quiz Creator Spotlight
cardenharry92
Follow
Send a Message
Quizzes Created
-
Created Quiz Play Count
-
More By This Creator
Popular Quizzes Today
1
Find the US States - No Outlines Minefield
2
Colored Red Africa Blitz
3
Find the 'City' Movie
4
5x2 Blitz: Bands
5
The Countries of the World
6
Find the Countries of Europe - No Outlines Minefield
7
Find the US States
8
US States
More Sports Quizzes
Bulls and Deers in UEFA Logos
Quiz Lab
Trending Quizzes
Colored Red Europe Blitz I
Colored Red Africa Blitz II
Colored Red Europe Blitz II
Even More Two Season TV Shows
Colored Red Africa Blitz III
Recently Updated
March Madness Men's Triple Doubles
pecheneg
How Do You Spell That?
pecheneg
Godzilla Movies
pecheneg
Grab Bag: 4-10 Letters
pecheneg
2024 March Madness Bracket
pecheneg
Famous TV Couples
Peacemaker
Champions League XIs: Real Madrid
pecheneg
Largest US Cities 1790-2010
pecheneg
Rides in Walt Disney World
pecheneg
Most Oscar Losses (Acting)
pecheneg
Trending Topics
Harry Potter
Kpop
Crossword
Anime
Disney
NBA
Marvel
NFL
WWE
Soccer
Puzzle
Country
The Office
Song
Pokémon
Your Account Isn't Verified!
In order to create a playlist on Sporcle, you need to verify the email address you used during registration. Go to your
Sporcle Settings
to finish the process.
Report this User
Report this user for behavior that violates our
Community Guidelines
.
Details:
Send Report
Go to the Sporcle.com Mobile Site →
Comments